Catalog

Record Details

Catalog Search



Available copies

  • 5 of 5 copies available at LARL/NWRL Consortium.
  • 2 of 2 copies available at Lake Agassiz Regional Library. (Show preferred library)

Current holds

0 current holds with 5 total copies.

Show Only Available Copies
Location Call Number / Copy Notes Barcode Shelving Location Status Due Date
Breckenridge Public Library J HAD (Text) 33500012243184 Main Available -
Moorhead Public Library J HAD (Text) 33500012243192 Main Available -
Godel Memorial-Warren Library j HAD (Text) 35500005728744 Main Available -
Roseau Public Library j HAD (Text) 35500005728736 Main Available -
Roseau Public Library j HAD (Text) 35500005728843 Main Available -

Record details

  • ISBN: 9781481417587 (hardcover)
  • ISBN: 1481417584 (hardcover)
  • ISBN: 9781481417594 (pbk.)
  • ISBN: 1481417592 (pbk.)
  • Physical Description: pages cm
  • Edition: First edition.
  • Publisher: New York : Simon & Schuster Books for Young Readers, [2016]

Content descriptions

Summary, etc.:
Twelve-year-old twins Nick and Eryn investigate ... Read More
Subject: Science fiction.
Robots > Fiction.
Human beings > Fiction.
Extinction (Biology) > Fiction.
Secrets > Fiction.
Twins > Fiction.
Brothers and sisters > Fiction.
Genre: Science fiction.
LDR 01714cam a22004938i 4500
001196424
003LARL_NWRL_CONSORTIUM
00520170412163100.0
008140927s2016 nyu c 000 1 eng
019 . ‡a911069044
020 . ‡a9781481417587 (hardcover)
020 . ‡a1481417584 (hardcover)
020 . ‡a9781481417594 (pbk.)
020 . ‡a1481417592 (pbk.)
020 . ‡z9781481417600 (ebook)
035 . ‡a(OCoLC)891565645 ‡z(OCoLC)911069044
042 . ‡alcac ‡apcc
08200. ‡a[Fic] ‡223
1001 . ‡aHaddix, Margaret Peterson. ‡0(LARL_NWRL_CONSORTIUM)117316
24510. ‡aUnder their skin. ‡n#1 / ‡cMargaret Peterson Haddix.
250 . ‡aFirst edition.
264 1. ‡aNew York : ‡bSimon & Schuster Books for Young Readers, ‡c[2016]
300 . ‡apages cm
336 . ‡atext ‡2rdacontent
337 . ‡aunmediated ‡2rdamedia
338 . ‡avolume ‡2rdacarrier
4900 . ‡aUnder their skin ; ‡v1
520 . ‡aTwelve-year-old twins Nick and Eryn investigate why their mother and new stepfather are keeping secrets, why they are forbidden to meet their stepsiblings, and, most important, why their lives are in danger.
650 1. ‡aScience fiction. ‡0(LARL_NWRL_CONSORTIUM)30394
650 1. ‡aRobots ‡vFiction. ‡0(LARL_NWRL_CONSORTIUM)167147
650 1. ‡aHuman beings ‡vFiction.
650 1. ‡aExtinction (Biology) ‡vFiction.
650 1. ‡aSecrets ‡vFiction.
650 1. ‡aTwins ‡vFiction. ‡0(LARL_NWRL_CONSORTIUM)167632
650 1. ‡aBrothers and sisters ‡vFiction. ‡0(LARL_NWRL_CONSORTIUM)163634
655 7. ‡aScience fiction. ‡2lcgft
905 . ‡uvanderl
901 . ‡a196424 ‡b ‡c196424 ‡tbiblio ‡soclc

Additional Resources